Quelle ville européenne correspond à ces images ? - Statistiques

Statistiques générales
  • Ce quiz a été pris 171 fois
  • Le résultat moyen est 8 sur 13
Statistiques - réponses
Par images Hint Réponse % Correct
Espagne Barcelone
92%
Portugal Porto
91%
Russie Saint-Pétersbourg
89%
Italie Naples
83%
Pays-Bas Rotterdam
74%
Allemagne Munich
72%
Royaume-Uni Liverpool
61%
Belgique Bruges
55%
Suède Malmö
50%
France Nantes
45%
Grèce Thessalonique
38%
Autriche Linz
24%
Pologne Katowice
12%
Aucun quiz correspondant
Distribution des résultats
% des personnes avec chaque résultat
Percentile par nombre de réponses
Votre historique - résultats
Vous n’avez pas pris ce quiz